000
00203 a2200097 4500
001
30953
100
_a
Modudi
245
_a
Tansihaat
260
_a
Lahore
_b
Islamic publication
_c
090
_c
20844
_d
20844
942
_a
NUST-CAE
_c
M
_c
12052
999
_c
266026
_d
266026